| 000 | 00694 a2200181 4500 | ||
|---|---|---|---|
| 020 | _a0470273445 | ||
| 020 | _a9780470273449 | ||
| 082 | 0 | 4 | _a003 |
| 090 |
_c154 _d154 |
||
| 100 | 1 | _aButkovskiy, Anatolii Grigoravich. | |
| 245 | 1 | 0 |
_aGreen's functions and transfer functions handbook / _cAnatolii Grigoravich Butkovskiy. |
| 260 |
_a[S.l.] : _bHalsted Pr, _c1982. |
||
| 300 |
_a236 p. ; _c25 cm. |
||
| 490 | 1 | _aMathematics and its applications (ellis horwood ltd) | |
| 830 | 0 | _aMathematics and its applications (ellis horwood ltd) | |
| 942 |
_aSNS _cBK _k515.35 BUT |
||
| 999 |
_c28792 _d28792 |
||